01938nam a2200277Ia 450000500170000000800410001702000180005810000310007624500440010725000360015130000250018752010060021252100290121858600620124765000360130965000400134565000340138565000380141965000390145726400300149633600270152633700330155333800280158604000350161408400110164920220317001403.0161108s2010 ck g 000 0 spa  a97895875804401 aVargas Llosa, Mariod1936-13aLa fiesta del chivocMario Vargas Llosa a1a. ediciónb1a reimpresión a518 páginasc22 cm a¿Por qué regresa Urania Cabral a la isla que juró no volver a pisar? ¿Por qué sigue vacía y llena de miedo desde los catorce años? ¿Por qué no ha tenido un solo amor? En La Fiesta del Chivo asistimos a un doble retorno. Mientras Urania visita a su padre en Santo Domingo, volvemos a 1961, cuando la capital dominicana aún se llamaba Ciudad Trujillo. Allí un hombre que no suda tiraniza a tres millones de personas sin saber que se gesta una maquiavélica transición a la democracia. Vargas Llosa, un clásico contemporáneo, relata el fin de una era dando voz, entre otros personajes históricos, al impecable e implacable general Trujillo, apodado el Chivo, y al sosegado y hábil doctor Balaguer (sempiterno presidente de la República Dominicana). Con un ritmo y una precisión difícilmente superables, este peruano universal muestra que la política puede consistir en abrirse camino entre cadáveres, y que un ser inocente puede convertirse en un regalo truculento aRecomendado para adultos aPremio Internacional de Literatura Rómulo Gallego, 1967142LEMBaNovela peruana ySiglo XX142LEMBaLiteratura peruana ySiglo XX142LEMBaDiablo en la literatura142LEMBaPolítica en la literatura142LEMB aDictadores en la literatura aBogotábAlfaguarac2010 atextobtxt2rdacontent asin mediaciónbn2rdamedia avolumenbnc2rdacarrier aCO-BoRNBPbspaerdacCO-BoRNBP aN VAR1